00961nam a22002411 45000010005000000030008000050050017000130080039000300350018000690400031000870410011001180820021001291000039001502450157001892600065003463000031004115040027004426500039004696500037005089420012005459990015005579520147005727525BD-RjUL20211208234431.0140115m19591950ge a b 000 0 ger a(BD-RjUL)7569 aDLC/ICUcICUdBD-RjULbeng1 agerpol00a510.76bSTK 19591 aSteinhaus, Hugod1887-1972.92348210aKaleidoskop der Mathematik /cHugo Steinhaus, [Autorisierte Übersetzung: Herbert Karl, mit Verbesserungen, Änderungen und Zusätzen vom Verfasser]. aBerlin :bDeutscher Verlag der Wissenschaften,c1950 [1950]. a319 p. :billus. ;c22 cm. aIncludes bibliography. 0aMathematicsxPopular works.919399 0aMathematical recreations.923483 2ddccBK c7525d7525 00102ddc40718NFICaRUCLbRUCLcreadingd2067-12-06eAbdulla Almahmoodg15.00l0o510.76 STK 1959r2014-01-15 00:00:00tC-1w2014-01-15yBK